مكتبة جامعة عجلون الوطنية

فهرس بحث المكتبة

الاثر المعدل للمناخ للتنظيمي على العلاقة بين ممارسات القيادة الاستراتيجية والأداء المؤسسي لدى ضريبة الدخل والمبيعات في الاردن = The Moderating Impact of Organizational Climate on the Relationship Between Strategic Leadership Practices and institutional Performance at Jordans Income and Sales Tax Department / (Record no. 33432)

MARC details
000 -LEADER
fixed length control field 01960nam a22002057a 4500
003 - CONTROL NUMBER IDENTIFIER
control field JO-AjAnu
005 - DATE AND TIME OF LATEST TRANSACTION
control field 20240605110628.0
008 - FIXED-LENGTH DATA ELEMENTS--GENERAL INFORMATION
fixed length control field 240406b jo ||||| |||| 00| 0 ara d
040 ## - CATALOGING SOURCE
Original cataloging agency JO-AjAnu
Transcribing agency JO-AjAnu
041 #0 - LANGUAGE CODE
Language code of text/sound track or separate title ara
050 ## - LIBRARY OF CONGRESS CALL NUMBER
Classification number HD37.2023
100 #1 - MAIN ENTRY--PERSONAL NAME
Personal name جروان ، معتز محمود احمد
9 (RLIN) 65308
Relator term معد
245 20 - TITLE STATEMENT
Title <br/> الاثر المعدل للمناخ للتنظيمي على العلاقة بين ممارسات القيادة الاستراتيجية والأداء المؤسسي لدى ضريبة الدخل والمبيعات في الاردن = The Moderating Impact of Organizational Climate on the Relationship Between Strategic Leadership Practices and institutional Performance at Jordans Income and Sales Tax Department /
Statement of responsibility, etc. اعداد معتز محمود احمد جروان ؛ إشراف نضال فواز القضاة
260 ## - PUBLICATION, DISTRIBUTION, ETC.
Date of publication, distribution, etc. 2023
300 ## - PHYSICAL DESCRIPTION
Extent 147ورقة
504 ## - BIBLIOGRAPHY, ETC. NOTE
Bibliography, etc. note رسالة جامعية (ماجستير) .- جامعة عجلون الوطنية (عجلون، الأردن)، كلية الاعمال ، تخصص ادارة الاعمال، 2023<br/>
650 70 - SUBJECT ADDED ENTRY--TOPICAL TERM
Topical term or geographic name entry element الإدارة الاستراتيجية
9 (RLIN) 57908
700 #1 - ADDED ENTRY--PERSONAL NAME
Personal name القضاة، نضال فواز
9 (RLIN) 64892
Relator term مشرف
942 ## - ADDED ENTRY ELEMENTS (KOHA)
Source of classification or shelving scheme Library of Congress Classification
Koha item type Thesis
Suppress in OPAC No
Holdings
Withdrawn status Lost status Source of classification or shelving scheme Damaged status Not for loan Home library Current library Date acquired Total Checkouts Full call number Barcode Date last seen Price effective from Koha item type
    Library of Congress Classification     مكتبة جامعة عجلون الوطنية مكتبة جامعة عجلون الوطنية 06/04/2024   HD37.2023 A29563 06/04/2024 06/04/2024 Thesis
    Library of Congress Classification     مكتبة جامعة عجلون الوطنية مكتبة جامعة عجلون الوطنية 06/04/2024   HD37.2023 A29562 06/04/2024 06/04/2024 Thesis